000 00824nam a2200241 a 4500
001 13816
003 BD-JhCC
005 20240416084550.0
008 240415b2023 bg |||| ||a| 000 0 ben d
020 _a9789849676072
035 _a(BD-JhCC)13816
040 _aBD-JhCC
_dBD-JhCC
041 _aBengali
082 _a158.1
_bCLE 2023
100 _a ক্লিয়ার,জেমস
245 _aএটমিক হ্যাবিটস /
_cজেমস ক্লিয়ার অনু: মোহাম্মদ আসাদুজ্জামান।
260 _aঢাকা:
_bশব্দশিল্প;
_c2023.
300 _a238 p. :
_c22 cm.
650 _aSelf-development and meditation
700 _a আসাদুজ্জামান,মোহাম্মদ
942 _2ddc
_cBK
999 _c13816
_d13816